000 00737nam a2200217 i 4500
001 83082
003 ES-MaACL
005 20230906174757.0
007 t|
008 041115s1978 sp ||||1| spa d
245 0 0 _aEvaluación de calidad de los datos de población activa
_b: periodo 1971-1976 /
_cInstituto Nacional de Estadística.
260 _aMadrid :
_bINE,
_c1978.
300 _a57 p. ;
_c29 cm.
650 4 _aEncuestas de población activa-
_zEspaña.
_9164632
650 4 _aEncuestas demográficas-
_xEvaluación.
_9164633
650 7 _aEncuestas
_9227290
_2embne
710 2 _aInstituto Nacional de Estadística (España)
_95162
852 _aES-MaACL
_jA-8382
_bR.98111
942 _2udc
999 _c83082
_d83082